000 00566nam a2200229Ia 4500
003 OSt
005 20220924144615.0
006 a|||||r|||| 00| 0
007 ta
008 220923b |||||||| |||| 00| 0 urd d
024 _a316175
037 _cTextual
040 _aARTS
_cARTS
_burd
041 _2urd
_aurd
082 _aO168,1NJH,1, L9
100 _aJauhar Hashmi
_9217990
245 0 _aNigar-e-Saher
260 _c1979
650 _aURDU POETRY
942 _hO168,1NJH,1, L9
_cTEXL
_2CC
999 _c457594
_d457594